| 000 | 00551nam a22002057a 4500 | ||
|---|---|---|---|
| 005 | 20251108173241.0 | ||
| 008 | 250721s1993 xx 000 0 ara d | ||
| 020 | _a1855131447 | ||
| 082 | 1 | 4 | _aق/سيم |
| 100 | 1 |
_aسيمونون، جورج _eمؤلف |
|
| 245 | 1 | 0 | _aالكلب الأصفر / |
| 246 | 1 | 1 | _ale chien jaune |
| 264 | 1 |
_aبيروت : _bصوت الناس، _c1993. |
|
| 300 | _a213ص. | ||
| 650 | 1 | 7 | _aأدب المترجم |
| 650 | 1 | 7 | _aالقصص |
| 700 | 1 |
_aحجار، بسام _etran. |
|
| 942 |
_2ddc _cBK |
||
| 999 |
_c99559 _d99559 |
||